Statystyki dla Mistrzowie Polski w Koszykówce

Kliknij tutaj aby rozwiązać quiz!

Ogólne statystyki

  • Ten quiz został rozwiązany 219 razy
  • Średni wynik to 38 z 85

Statystyki odpowiedzi

ROKZWYCIĘZCA% Poprawnych
2019Anwil Włocławek
88%
2018Anwil Włocławek
88%
2003Anwil Włocławek
88%
1993Śląsk Wrocław
84%
1979Śląsk Wrocław
84%
1980Śląsk Wrocław
84%
1981Śląsk Wrocław
84%
1987Śląsk Wrocław
84%
1991Śląsk Wrocław
84%
1992Śląsk Wrocław
84%
1996Śląsk Wrocław
84%
1994Śląsk Wrocław
84%
1965Śląsk Wrocław
84%
1998Śląsk Wrocław
84%
1999Śląsk Wrocław
84%
2000Śląsk Wrocław
84%
2001Śląsk Wrocław
84%
2002Śląsk Wrocław
84%
1970Śląsk Wrocław
84%
1977Śląsk Wrocław
84%
1956Legia Warszawa
76%
1963Legia Warszawa
76%
1957Legia Warszawa
76%
1969Legia Warszawa
76%
1960Legia Warszawa
76%
1961Legia Warszawa
76%
1966Legia Warszawa
76%
2015Stelmet Zielona Góra
61%
2013Stelmet Zielona Góra
61%
2016Stelmet Zielona Góra
61%
2017Stelmet Zielona Góra
61%
2014Turów Zgorzelec
46%
2009Arka Gdynia
45%
2004Arka Gdynia
45%
2005Arka Gdynia
45%
2006Arka Gdynia
45%
2012Arka Gdynia
45%
2011Arka Gdynia
45%
2007Arka Gdynia
45%
2010Arka Gdynia
45%
2008Arka Gdynia
45%
1964Wisła Kraków
37%
1976Wisła Kraków
37%
1954Wisła Kraków
37%
1974Wisła Kraków
37%
1968Wisła Kraków
37%
1962Wisła Kraków
37%
1989Lech Poznań
34%
1935Lech Poznań
34%
1939Lech Poznań
34%
1946Lech Poznań
34%
1990Lech Poznań
34%
1955Lech Poznań
34%
1949Lech Poznań
34%
1983Lech Poznań
34%
1958Lech Poznań
34%
1984Lech Poznań
34%
1951Lech Poznań
34%
1959Polonia Warszawa
29%
1929Cracovia
20%
1938Cracovia
20%
1953ŁKS Łódź
19%
1988Górnik Wałbrzych
14%
1982Górnik Wałbrzych
14%
1995Znicz Pruszków
13%
1997Znicz Pruszków
13%
1947AZS Warszawa
8%
1967AZS Warszawa
8%
1971Wybrzeże Gdańsk
8%
1972Wybrzeże Gdańsk
8%
1973Wybrzeże Gdańsk
8%
1978Wybrzeże Gdańsk
8%
1975Resovia
6%
1930AZS Poznań
5%
1937AZS Poznań
5%
1932AZS Poznań
5%
1931AZS Poznań
5%
1986Zagłębie Sosnowiec
5%
1985Zagłębie Sosnowiec
5%
1948YMCA Łódź
4%
1934YMCA Kraków
2%
1933YMCA Kraków
2%
1928Czarna Trzynastka Poznań
1%
1952Społem Łódź
1%
1950Społem Łódź
1%

Rozkład punktacji

Percentyl według liczby udzielonych odpowiedzi

Procent ludzi z każdym wynikiem

Twoja historia wyników

Nie rozwiązałeś tego quizu